00642nam a2200169Ia 4500952015500000999001700155003000400172005001700176008004100193040000900234082002200243100002700265245006300292260005800355300000900413942005000422 00102ddc40708RELIGIONaMESbMEScRELIGIONd2019-02-20g200.00l1o294.551209 JAI/Op23115r2019-10-21 00:00:00s2019-10-01w2019-02-20yBKzGL48R2 c20534d20534OSt20200610141342.0190216s9999||||xx |||||||||||||| ||und|| coclc a294.551209bJAI/O aJaiswal, Suvira 92742 4aThe Origin And Development Of Vaisnavism /cSuvira Jaiswal bMunshiram Manoharlal Pub Pvt Ltd,c1980.aNew Delhi: a290p cBK2ddch294.551209iJAI/Ok294.551209mJAI/O